Consuming motherhood /

Bibliographic Details
Other Authors: Taylor, Janelle S., 1965-, Layne, Linda L., Wozniak, Danielle F.
Format: Book
Language:English
Published: New Brunswick, N.J. : Rutgers University Press, [2004]
Subjects:

MARC

Tag First Indicator Second Indicator Subfields
LEADER 00000pam a22000004a 4500
001 in00002000243
005 20151031123638.0
008 031009s2004 njua b 001 0 eng
010 |a  2003022260 
020 |a 0813534291 (hardcover : alk. paper) 
020 |a 0813534305 (pbk. : alk. paper) 
035 |a (OCoLC)ocm53186566 
040 |a DLC  |c DLC  |d TXA  |d UtOrBLW 
042 |a pcc 
049 |a TXAM 
050 0 0 |a HQ759  |b .C7253 2004 
082 0 0 |a 306.874/3  |2 22 
245 0 0 |a Consuming motherhood /  |c edited by Janelle S. Taylor, Linda L. Layne, Danielle F. Wozniak. 
264 1 |a New Brunswick, N.J. :  |b Rutgers University Press,  |c [2004] 
264 4 |c ©2004 
300 |a ix, 323 pages :  |b illustrations ;  |c 24 cm. 
336 |a text  |b txt  |2 rdacontent 
337 |a unmediated  |b n  |2 rdamedia 
338 |a volume  |b nc  |2 rdacarrier 
504 |a Includes bibliographical references (pages 289-309) and index. 
505 0 |a Motherhood under capitalism / Barbara Katz Rothman -- How infants grow mothers in north London / Daniel Miller -- Maternity and materiality: becoming a mother in consumer culture / Alison J. Clarke -- 'What will I do with all the toys now?': consumption and the signification of kinship in U.S. fostering relationships / Danielle F. Wozniak -- 'Too bad you got a lemon': Peter Singer, mothers of children with disabilities, and the critique of consumer culture / Gail Landsman -- Making memories: trauma, choice, and consumer culture in the case of pregnancy loss / Linda L. Layne -- Maternal labor in a transnational circuit / Ann Anagnost -- Going 'home': adoption, exclusive belongings, and the mythology of roots / Barbara Yngvesson -- A fetish is born: sonographers and the making of the public fetus / Janelle S. Taylor -- Consuming childbirth: the qualified commodification of midwifery care / Robbie E. Davis-Floyd -- Mothers between God and Mammon: feminist interpretations of childbirth / Pamela E. Klassen -- Commoditizing kinship in America / Igor Kopytoff -- Caught in the current / Barbara Katz Rothman. 
650 0 |a Motherhood. 
650 0 |a Consumption (Economics)  |x Social aspects. 
650 0 |a Women consumers. 
700 1 |a Taylor, Janelle S.,  |d 1965- 
700 1 |a Layne, Linda L. 
700 1 |a Wozniak, Danielle F. 
948 |a cataloged  |b h  |c 2004/10/18  |d c  |e dmitchel  |f 8:10:20 am 
994 |a E0  |b TXA 
999 |a MARS 
999 f f |s 8729f3cd-ca78-3bfc-ac4e-d97ea79ce69c  |i c18e8cdc-ae3a-332d-b297-d245137b6000  |t 0 
952 f f |p ric  |a Texas A&M University  |b Rellis Campus  |c Joint Library Facility  |d Remote Storage  |t 0  |e HQ759 .C7253 2004  |h Library of Congress classification  |i unmediated -- volume  |m A14831344620 
998 f f |a HQ759 .C7253 2004  |t 0  |l Remote Storage